000 02170aam a2200589 4500
001 22418
003 SK-KTurca
005 20260328102015.0
006 r c t
008 200104s2017 xo a c 000 1dslo
015 _aSNBA2018/03
020 _a9788056404188
_q(viazané)
035 _aurn:nbn:sk:snk-am00d23z
035 _aurn:nbn:sk:snk-am3hj39
035 _a1F92FB89-E757-4DA4-99B7-F2F091F81809
040 _aSNK
_bslo
_cSNK
_erda
041 1 _aslo
_hger
044 _axo
_cSK
072 7 _a821.112.2-3
_xNemecká próza, nemecky písaná
_2konspekt
072 7 _a821-93
_xLiteratúra pre deti a mládež (beletria)
_2konspekt
080 _a82-311.3
_22011
080 _a821.112.2(436)-32
_22011
080 _a(0:82-322.4)
_22011
080 _a(0.05)
_22011
100 1 _aBrezina, Thomas,
_d1963-
_4aut
240 1 0 _aEin Fall für dich und das Tiger-Team: Der Reiter ohne Gesicht
_lSlovensky
245 1 0 _aPrípad pre teba a Tigrí tím
_pJazdec bez hlavy
_cThomas C. Brezina ; ilustrovala Naomi Fearnová ; z nemeckého originálu ... preložila Katarína Šmidtová
246 3 0 _aJazdec bez hlavy
250 _aDotlač 1. vydania
264 1 _aBratislava
_bFragment
_c2017
300 _a120 strán
_bilustrácie
_c19 cm
_e1 plastová lupa
336 _atext
_btxt
_2rdacontent
336 _astatický obraz
_bsti
_2rdacontent
337 _abez média
_bn
_2rdamedia
338 _azväzok
_bnc
_2rdacarrier
490 1 _aTigrí tím
500 _aDotlač k 1. vydaniu z roku 2011
500 _aVydalo vydavateľstvo Fragment v spoločnosti Albatros Media Slovakia
500 _aObsahuje biografické informácie o autorovi na strane 120
655 7 _arakúske príbehy
_2SNKPH
655 7 _adetektívne príbehy
_2SNKPH
655 7 _aliteratúra pre deti
_2SNKPH
655 7 _aAustrian stories
_2SNKPHeng
655 7 _aDetective stories
_2SNKPHeng
655 7 _aChildren's literature
_2SNKPHeng
700 1 _aŠmidtová, Katarína
_4trl
700 1 _aFearn, Naomi,
_d1976-
_4ill
830 0 _aTigrí tím
942 _2ddc
_cKLDE
_n0
999 _c22418
_d22418